Gaming Quiz

Random Gaming or World Quiz

World of Warcraft TCG - Flavor Texts Quiz Stats

 Plays Quiz not verified by Sporcle

Challenge
Share
Tweet
Embed
Score 0/20 Timer 10:00
0 Plays Today
Flavor Text Card % Correct
''By the power of Greybeard, I HAVE THE POWER!''Adam Eternum
100%
''Well... you could give them to your mother.''Metalmorph
80%
A name you can trust.Hugh Mann
60%
''No voodoo for you, mon.''Counterspell
60%
''That's not a pet... THIS is a pet!''Dundee
60%
''Armor and people have at least one thing in common: they stop working once you put a big hole in them.''Puncture
60%
''You are a terrible opponent.''Mikael the Blunt
40%
''Leeroy?''Pick Pocket
40%
Once they served Archimonde, now they serve any who can control them.Doomguard
40%
''Know your environment... feel your environment... be your environment...''Camouflage
40%
Flavor Text Card % Correct
''Lilth vwah, uhn'agth fhssh za.''Commander Ulthok
40%
''I guess that's the way... the Cookie crumbles''Lieutenant Horatio Laine
40%
Loosely translated from Taur'ahe, it means ''without worry.''Makuna Hatada
25%
''This is my elekk. There are many like it, but this one is mine.''Darynus
20%
''This is why we can't have ice things.''Scalding Totem
20%
One target... one shot... one corpse.Anathel the Eagle-Eye
20%
''Mama Humzinger always said, 'One power core in a gyrochronatom is better than two electrocogs in a recombobulator'.''Meekway Humzinger
0%
''You mean there's a setting to this thing other than 'gnome'?''PX-238 Winter Wondervolt
0%
''The quickest way to find the needle: burn the haystack.''Mistress Naila Flameburst
0%
''This one is Snowball, and this one is Hammy, and this one is Sticky Toes, and this one is...''Goldenmoon
0%

You're not logged in!

Compare scores with friends on all Sporcle quizzes.
OR
Log In

You Might Also Like...

Show Comments

Extras

Created Dec 13, 2012ReportNominate
Tags:World Quiz, flavor, set, tcg, text, warcraft

Top Quizzes Today


Score Distribution

Your Account Isn't Verified!

In order to create a playlist on Sporcle, you need to verify the email address you used during registration. Go to your Sporcle Settings to finish the process.

Report this User

Report this user for behavior that violates our Community Guidelines.

Details: